On the solvability of some discontinuous functional impulsive problems
This paper deals with impulsive problems consisting of second order differential equation with impulsive effects depending implicitly on the solution and with rather general nonlocal boundary conditions. The arguments are based on the lower and upper solutions method and a fixed point theorem.
Elmentve itt :
| Szerzők: | |
|---|---|
| Dokumentumtípus: | Folyóirat |
| Megjelent: |
2020
|
| Sorozat: | Electronic journal of qualitative theory of differential equations
|
| Kulcsszavak: | Differenciálegyenlet - határérték probléma |
| doi: | 10.14232/ejqtde.2020.1.91 |
| Online Access: | http://acta.bibl.u-szeged.hu/73652 |
| LEADER | 01124nas a2200229 i 4500 | ||
|---|---|---|---|
| 001 | acta73652 | ||
| 005 | 20211105155729.0 | ||
| 008 | 211105s2020 hu o 0|| eng d | ||
| 022 | |a 1417-3875 | ||
| 024 | 7 | |a 10.14232/ejqtde.2020.1.91 |2 doi | |
| 040 | |a SZTE Egyetemi Kiadványok Repozitórium |b hun | ||
| 041 | |a eng | ||
| 100 | 1 | |a Minhós Feliz Manuel | |
| 245 | 1 | 3 | |a On the solvability of some discontinuous functional impulsive problems |h [elektronikus dokumentum] / |c Minhós Feliz Manuel |
| 260 | |c 2020 | ||
| 300 | |a 17 | ||
| 490 | 0 | |a Electronic journal of qualitative theory of differential equations | |
| 520 | 3 | |a This paper deals with impulsive problems consisting of second order differential equation with impulsive effects depending implicitly on the solution and with rather general nonlocal boundary conditions. The arguments are based on the lower and upper solutions method and a fixed point theorem. | |
| 695 | |a Differenciálegyenlet - határérték probléma | ||
| 700 | 0 | 1 | |a Tvrdý Milan |e aut |
| 700 | 0 | 1 | |a Zima Mirosława |e aut |
| 856 | 4 | 0 | |u http://acta.bibl.u-szeged.hu/73652/1/ejqtde_2020_091.pdf |z Dokumentum-elérés |